skbl

Dr Suryya Kumar Bhuyan Library Web-OPAC
ডঃ সূৰ্য্য
কুমাৰ ভূঞা পুথিভঁৰাল ৱেব-অ'পেক

All Research Scholars are advised to clear the annual library fees to continue using Library Resources, Remote Access, Plagiarism Test and Library Clearance.

Cotton University Book Fair 2026

Doctor Faustus: Christopher Marlowe`s / (Record no. 2875)

MARC details
000 -LEADER
fixed length control field 00646nam a2200241Ia 4500
001 - CONTROL NUMBER
control field 2887
005 - DATE AND TIME OF LATEST TRANSACTION
control field 20240113233600.0
007 - PHYSICAL DESCRIPTION FIXED FIELD--GENERAL INFORMATION
fixed length control field ta
008 - FIXED-LENGTH DATA ELEMENTS--GENERAL INFORMATION
fixed length control field 050314s2003 a g b000 u eng u
020 ## - INTERNATIONAL STANDARD BOOK NUMBER
International Standard Book Number 0-19-561927-7
040 ## - CATALOGING SOURCE
Original cataloging agency English ( PG )
041 ## - LANGUAGE CODE
Language code of text/sound track or separate title eng
082 ## - DEWEY DECIMAL CLASSIFICATION NUMBER
Classification number 822.9
Item number Ma 344 Do
100 ## - MAIN ENTRY--PERSONAL NAME
Personal name Datta, Kitty.
245 #0 - TITLE STATEMENT
Title Doctor Faustus: Christopher Marlowe`s /
Statement of responsibility, etc. Kitty Datta, ed.
Medium Textual Documents
250 ## - EDITION STATEMENT
Edition statement 2nd ed /
260 ## - PUBLICATION, DISTRIBUTION, ETC.
Place of publication, distribution, etc. New Delhi :
Name of publisher, distributor, etc. Oxford university ,
Date of publication, distribution, etc. 2003.
300 ## - PHYSICAL DESCRIPTION
Extent 208p :
Other physical details ill ;
Dimensions 18cm .
653 ## - INDEX TERM--UNCONTROLLED
Uncontrolled term English drama - Criticism
942 ## - ADDED ENTRY ELEMENTS (KOHA)
Source of classification or shelving scheme Dewey Decimal Classification
Koha item type Books
Holdings
Withdrawn status Lost status Damaged status Not for loan Collection Home library Current library Date acquired Coded location qualifier Total checkouts Full call number Barcode Date last seen Copy number Price effective from Koha item type
          Dr. Suryya Kumar Bhuyan Library Dr. Suryya Kumar Bhuyan Library 01/02/2012 00000   822.9 Ma 344 Do 598 / Eng 13/01/2024 1 01/02/2012 Books

Designed and Maintained by Team SKBL
©1901-2026

Powered by Koha